Das deutsche Pfandsystem - Statistiken

Allgemein
  • Dieses Quiz wurde 79 mal gespielt
  • Das Durchschnittsergebnis liegt bei 18 aus 22
Antwortstatistiken
Bildquiz Antwort % Korrekt
8 Cent
96%
8 Cent
96%
8 Cent
96%
8 Cent
88%
15 Cent
86%
15 Cent
86%
15 Cent
86%
15 Cent
85%
25 Cent
85%
15 Cent
84%
15 Cent
84%
25 Cent
79%
15 Cent
78%
25 Cent
77%
15 Cent
75%
15 Cent
75%
15 Cent
75%
15 Cent
75%
15 Cent
75%
15 Cent
75%
15 Cent
75%
10 Cent
55%
Keine übereinstimmenden Quizze gefunden
Verteilung der Resultate
Anzahl Personen mit jedem Resultat
Perzentil nach korrekt beantworteten Fragen
Ihre Resultats-Entwicklung
Sie haben dieses Quiz noch nicht gespielt